[Event "Madrid San Viator op-B 25th"]
[Site "Madrid"]
[Date "2015.10.11"]
[Round "2"]
[White "Guillo Sanchez Galiano, Ernesto"]
[Black "Rodriguez Larrinaga, Mikel"]
[Result "0-1"]
[WhiteElo "1201"]
[BlackElo "1638"]
[PlyCount "98"]
[EventDate "2015.10.04"]
[EventType "swiss"]
[EventRounds "9"]
[EventCountry "ESP"]
[SourceTitle "EXT 2019"]
[Source "ChessBase"]
[SourceDate "2018.10.10"]
[SourceVersion "1"]
[SourceVersionDate "2018.10.10"]
[SourceQuality "1"]

1. d4 d5 2. Nf3 Nf6 3. h3 e6 4. Bf4 c5 5. e3 Be7 6. c4 0-0 7. Bd3 Nbd7 8. Ne5 cxd4 9. exd4 dxc4 10. Bxc4 Nd5 11. Bh2 N7f6 12. 0-0 a6 13. Nd2 Bd6 14. Ndf3 b5 15. Bd3 Bb7 16. a3 Re8 17. Rc1 Qb6 18. Bb1 Ne7 19. Re1 Bxf3 20. Nxf3 Bxh2+ 21. Kxh2 Qd6+ 22. Ne5 Red8 23. Be4 Nxe4 24. Rxe4 f6 25. f4 fxe5 26. fxe5 Qd7 27. Qh5 Ng6 28. Rf1 Rf8 29. Rxf8+ Rxf8 30. Qg4 Qf7 31. d5 exd5 32. e6 Qe7 33. Rd4 Qd6+ 34. Kg1 Rf4 35. Rxf4 Qxf4 36. e7 Qe3+ 37. Kh2 Nxe7 38. Qf3 Qxf3 39. gxf3 Kf7 40. b4 Kf6 41. Kg2 Kf5 42. Kg3 d4 43. Kf2 Kf4 44. Ke2 g5 45. Kd3 Nc6 46. Ke2 h5 47. Kf2 d3 48. Ke1 Kxf3 49. Kd2 Ke4 0-1